Clothes then and now / (Record no. 8242)

MARC details
000 -LEADER
fixed length control field 01317nam a22002657a 4500
001 - CONTROL NUMBER
control field 8242
003 - CONTROL NUMBER IDENTIFIER
control field FISKH
005 - DATE AND TIME OF LATEST TRANSACTION
control field 20250904143446.0
008 - FIXED-LENGTH DATA ELEMENTS--GENERAL INFORMATION
fixed length control field 250904b cb ||||| |||| 00| 0 eng d
020 ## - INTERNATIONAL STANDARD BOOK NUMBER
International Standard Book Number 9780194645614
040 ## - CATALOGING SOURCE
Original cataloging agency FISKH
Language of cataloging eng
Transcribing agency FISKH
Modifying agency FISKH
050 ## - LIBRARY OF CONGRESS CALL NUMBER
Classification number PE1126.A4 N6784
082 ## - DEWEY DECIMAL CLASSIFICATION NUMBER
Classification number 391
100 ## - MAIN ENTRY--PERSONAL NAME
Personal name Northcott, Richard
245 ## - TITLE STATEMENT
Title Clothes then and now /
Statement of responsibility, etc. By Richard Northcott
260 ## - PUBLICATION, DISTRIBUTION, ETC.
Place of publication, distribution, etc. Oxford :
Name of publisher, distributor, etc. Oxford University Press ,
Date of publication, distribution, etc. 2010.
300 ## - PHYSICAL DESCRIPTION
Extent 56 pages :
Other physical details color illustrations ;
Dimensions 21 cm .
490 ## - SERIES STATEMENT
Series statement Oxford Read and Discover
Volume/sequential designation Level 6
505 ## - FORMATTED CONTENTS NOTE
Formatted contents note O <br/>
520 ## - SUMMARY, ETC.
Summary, etc. This exciting new series of non-fiction readers provides interesting and educational content, with activities and project work. The readers are graded at four levels, from 3 to 6, suitable for students from age 8 and older. They can support Content and Language Integrated Learning (CLIL), andcover a broad range of topics, within three curriculum areas:The World of Science and TechnologyThe Natural WorldThe World of Arts and Social StudiesAlso available for each reader:Activity BookAudio CD Pack (Reader and Audio CD)Teacher's Notes and CLIL guidance at www.oup.com/elt/readanddiscover
521 8# - TARGET AUDIENCE NOTE
Target audience note 600 <br/>
Source Lexile estimate <br/>
521 8# - TARGET AUDIENCE NOTE
Target audience note O <br/>
Source Raz-Plus <br/>
942 ## - ADDED ENTRY ELEMENTS (KOHA)
Source of classification or shelving scheme Dewey Decimal Classification
Koha item type Books
Suppress in OPAC No
Holdings
Withdrawn status Lost status Source of classification or shelving scheme Damaged status Not for loan Collection Home library Current library Shelving location Date acquired Total Checkouts Full call number Barcode Date last seen Date last checked out Price effective from Koha item type
    Dewey Decimal Classification     Non-Fiction Footprints International School Library Network Toul Tom Poung Campus Footprints International School Library Network Toul Tom Poung Campus TTP Primary Yellow Bookshelves 09/04/2025 1 NOR 391 PE1126.A4 N6784 FIS01474 11/12/2025 10/22/2025 09/04/2025 Books